000 00686nam a2200265Ia 4500
005 20260121170610.0
008 008 260114s9999 xx 000 0 eng d
020 _a9783319768557
037 _aEBOOK
040 _aCRL
040 _beng
040 _cCRL
041 _2eng
041 _aeng
084 _qCRL
100 _aM. L. Sharma, Manish Shrikhande, H. R. Wason
_91065852
245 0 _aAdvances in Indian Earthquake Engineering and Seismology
260 _bSpringer
260 _bSpringer
260 _c2018
856 _uhttps://link.springer.com/openurl?genre=book&isbn=978-3-319-76855-7
942 _cEBOOK
999 _c1631582
_d1631582